Procesné mapovanie ako nástroj zlepšenia fungovania samosprávy na Slovensku

Proces a jeho mapovanie. Priebeh procesu. Analýza procesov vo vybraných samosprávnych organizáciách na Slovensku.

Enregistré dans:
Détails bibliographiques
Auteur principal: Štangová, Nora
Autres auteurs: Múčka, Marek
Format: Chapitre de livre
Langue:slovaque
Sujets:
Tags: Ajouter un tag
Pas de tags, Soyez le premier à ajouter un tag!

MARC

LEADER 00000naa a2200000 4500
001 0166464
005 20231011110803.4
041 0 |a slo 
044 |a SK 
245 1 0 |a Procesné mapovanie ako nástroj zlepšenia fungovania samosprávy na Slovensku  |c Nora Štangová, Marek Múčka 
520 |a Proces a jeho mapovanie. Priebeh procesu. Analýza procesov vo vybraných samosprávnych organizáciách na Slovensku. 
610 2 0 |a procesy podnikové 
610 2 0 |a Slovensko 
610 2 0 |a manažment verejnej správy 
100 1 |a Štangová, Nora 
700 1 |a Múčka, Marek